| 000 | 01479nam a2200361 a 4500 | ||
|---|---|---|---|
| 001 | 000363 | ||
| 003 | DO-SdBNP | ||
| 005 | 20180309111504.0 | ||
| 007 | 000363 | ||
| 008 | 150130s2012 dr ac 000 0 spa d | ||
| 020 | _a9789945117196 (v. 1) | ||
| 020 | _a9789945116519 (v. 2) | ||
| 040 |
_aBPMSU _bspa _cBPMSU |
||
| 092 |
_a372.257 _bN285e, 6to. 2012 |
||
| 245 | 0 | 0 |
_aNaturaleza 6 : _beducación básica / _cÁngela Segura ... [et.al] ; dirección editorial Obudulia García de Escobar. |
| 260 |
_aSanto Domingo : _bSantillana, _c2012. |
||
| 300 |
_av. : _bil. retrs. ; _c28 cm. |
||
| 490 | 1 | _aInnova | |
| 500 | _aLa biblioteca posee libro texto y guía. | ||
| 505 |
_tOrganización de la vida -- _tLa nutrición en plantas y animales -- _tLa reproducción en plantas y animales -- _tAlimentación y digestión -- _tLa circulación -- _tRespiración y excreción -- _tLa reproducción humana -- _tLa materia -- _tCalor y temperatura -- _tLa luz -- |
||
| 650 | 4 |
_aCIENCIAS NATURALES _xENSEÑANZA BÁSICA |
|
| 650 | 4 |
_aCIENCIAS NATURALES _xEDUCACIÓN PRIMARIA |
|
| 650 |
_aEDUCACIÓN PRIMARIA _zREPÚBLICA DOMINICANA |
||
| 650 | 4 |
_aCIENCIAS NATURALES _xLIBROS DE TEXTOS |
|
| 650 | 4 |
_aCIENCIAS NATURALES _xESTUDIOS Y EJERCICIOS |
|
| 700 | 1 | 2 | _aSegura, Ángela |
| 700 | 1 | 2 |
_aGarcía de Escobar, Obdulia _eed. |
| 830 | 0 | _aInnova | |
| 910 | _aValidado. Control de calidad MFF | ||
| 942 |
_2ddc _cBK |
||
| 945 | _aRemanejado para BNPHU / 2018 BT | ||
| 956 |
_aYLOCKWARD _b10 |
||
| 999 |
_c9989 _d9989 |
||